[Event "Roskilde International"]
[Site "Roskilde"]
[Date "1978.??.??"]
[Round "1"]
[White "Fedder, Steen"]
[Black "Webb, Simon"]
[Result "1/2-1/2"]
[WhiteElo "2400"]
[BlackElo "2445"]
[PlyCount "85"]
[EventDate "1978.??.??"]
[EventType "tourn"]
[EventRounds "11"]
[EventCountry "DEN"]

1. d4 Nf6 2. c4 c5 3. d5 b5 4. cxb5 a6 5. bxa6 g6 6. Nc3 Bxa6 7. e4 Bxf1 8.
Kxf1 d6 9. Nge2 Bg7 10. h3 O-O 11. Kg1 Nbd7 12. Rb1 Qa5 13. Be3 Rfb8 14. Qc2
Ne8 15. Kh2 Nc7 16. b3 Nb5 17. Nxb5 Rxb5 18. a4 Rb6 19. Bd2 Qa6 20. Nc3 Be5+
21. g3 Bxc3 22. Bxc3 c4 23. b4 Qxa4 24. Qxa4 Rxa4 25. Ra1 Rxa1 26. Rxa1 f5 27.
exf5 Kf7 28. fxg6+ hxg6 29. f3 Nf6 30. Ra5 Ne8 31. b5 Nc7 32. Ra4 Nxd5 33. Rxc4
Rxb5 34. Bd4 e5 35. Bf2 Ke6 36. Rc2 Rb3 37. Kg2 Nb4 38. Rd2 d5 39. h4 d4 40.
Bxd4 exd4 41. Rxd4 Nd3 42. Re4+ Kd5 43. Re8 1/2-1/2

[Event "Roskilde International"]
[Site "Roskilde"]
[Date "1978.??.??"]
[Round "1"]
[White "Ghitescu, Theodor"]
[Black "Rajna, Gyula"]
[Result "1/2-1/2"]
[WhiteElo "2450"]
[BlackElo "2410"]
[PlyCount "54"]
[EventDate "1978.??.??"]
[EventType "tourn"]
[EventRounds "11"]
[EventCountry "DEN"]

1. c4 e5 2. Nc3 Nc6 3. Nf3 d6 4. d4 Bg4 5. d5 Nb8 6. e4 g6 7. h3 Bc8 8. c5 Nd7
9. cxd6 cxd6 10. Be2 a6 11. O-O Bg7 12. Nd2 Ngf6 13. Nc4 Nc5 14. Be3 O-O 15.
Bxc5 dxc5 16. a4 b6 17. Nxe5 Nxe4 18. Nc6 Nxc3 19. bxc3 Qd6 20. Rb1 Bxc3 21.
Rxb6 Ba5 22. Rb3 Bc7 23. f4 Bd7 24. Re3 c4 25. Rc3 Bxc6 26. dxc6 Qxc6 27. Rxc4
Qe6 1/2-1/2

[Event "Roskilde International"]
[Site "Roskilde"]
[Date "1978.??.??"]
[Round "1"]
[White "Helmers, Knut J"]
[Black "Filipowicz, Andrzej"]
[Result "1/2-1/2"]
[WhiteElo "2345"]
[BlackElo "2360"]
[PlyCount "40"]
[EventDate "1978.??.??"]
[EventType "tourn"]
[EventRounds "11"]
[EventCountry "DEN"]

1. Nf3 c5 2. c4 g6 3. d4 Bg7 4. e4 Na6 5. Nc3 d6 6. Be2 Nf6 7. O-O O-O 8. h3 b6
9. d5 Nc7 10. Bg5 a6 11. a4 Rb8 12. Re1 h6 13. Bf4 b5 14. axb5 axb5 15. cxb5
Bd7 16. e5 Nfe8 17. Qd2 g5 18. Bh2 Bxb5 19. Nxb5 Nxb5 20. b4 cxb4 1/2-1/2

[Event "Roskilde International"]
[Site "Roskilde"]
[Date "1978.??.??"]
[Round "1"]
[White "Jakobsen, Ole"]
[Black "Danielsen, Verner"]
[Result "1-0"]
[WhiteElo "2400"]
[BlackElo "2200"]
[PlyCount "77"]
[EventDate "1978.??.??"]
[EventType "tourn"]
[EventRounds "11"]
[EventCountry "DEN"]

1. e4 d6 2. d4 Nf6 3. Nc3 g6 4. f4 Bg7 5. Nf3 O-O 6. Be3 Ng4 7. Bg1 e5 8. dxe5
dxe5 9. Qxd8 Rxd8 10. h3 Nf6 11. fxe5 Ne8 12. Bc4 Nc6 13. Bh2 Na5 14. Bd3 Be6
15. O-O c6 16. Ng5 b6 17. Nxe6 fxe6 18. Bf4 Rd7 19. Rad1 Nc7 20. Be2 Rf7 21.
Bg3 Rxf1+ 22. Bxf1 Nb7 23. Rd7 Rc8 24. a3 Nd8 25. Bh4 Nf7 26. Bf6 Bh6 27. Ne2
Be3+ 28. Kh2 Nb5 29. a4 Nc7 30. g3 Kf8 31. Nf4 Kg8 32. Bc4 Bxf4 33. gxf4 b5 34.
Bb3 bxa4 35. Bxa4 Na6 36. Rxa7 Nc5 37. b4 Nxe4 38. Bb3 Re8 39. Be7 1-0

[Event "Roskilde International"]
[Site "Roskilde"]
[Date "1978.??.??"]
[Round "1"]
[White "Schneider, Lars Ake"]
[Black "Kristiansen, Jens"]
[Result "1/2-1/2"]
[WhiteElo "2430"]
[BlackElo "2395"]
[PlyCount "68"]
[EventDate "1978.??.??"]
[EventType "tourn"]
[EventRounds "11"]
[EventCountry "DEN"]

1. e4 c5 2. Nf3 e6 3. d4 cxd4 4. Nxd4 Nf6 5. Nc3 d6 6. Be2 Be7 7. O-O O-O 8.
Be3 Nc6 9. f4 Bd7 10. Nb3 a6 11. Bf3 Rb8 12. Kh1 b5 13. e5 dxe5 14. fxe5 Nxe5
15. Bf4 Nc4 16. Bxb8 Qxb8 17. Ne4 Qc7 18. Qd4 Nxe4 19. Bxe4 f5 20. Bf3 Bf6 21.
Qc5 Rc8 22. Rad1 Qxc5 23. Nxc5 Rxc5 24. Rxd7 Ne5 25. Rd2 Nxf3 26. gxf3 Bxb2 27.
Re2 e5 28. Rd1 Bd4 29. f4 Kf7 30. fxe5 Bxe5 31. Rd8 a5 32. Ra8 b4 33. Rd2 h6
34. Ra6 Ke7 1/2-1/2

[Event "Roskilde International"]
[Site "Roskilde"]
[Date "1978.??.??"]
[Round "1"]
[White "Westerinen, Heikki"]
[Black "Rosenlund, Thorbjorn"]
[Result "1-0"]
[WhiteElo "2450"]
[BlackElo "2340"]
[PlyCount "47"]
[EventDate "1978.??.??"]
[EventType "tourn"]
[EventRounds "11"]
[EventCountry "DEN"]

1. e4 c6 2. d4 d5 3. Nc3 dxe4 4. Nxe4 Nf6 5. Nxf6+ gxf6 6. Bc4 Bf5 7. Bf4 e6 8.
Nf3 Bd6 9. Bg3 Qc7 10. Qe2 Bg4 11. O-O-O Nd7 12. d5 cxd5 13. Bxd5 Bf4+ 14. Kb1
Bxg3 15. hxg3 O-O-O 16. Bxb7+ Qxb7 17. Qc4+ Kb8 18. Qxg4 Qb6 19. Qg7 Qxf2 20.
Rd2 Qe3 21. Rxd7 Rxd7 22. Qxh8+ Kb7 23. Qxf6 Qe2 24. Nd4 1-0

[Event "Roskilde International"]
[Site "Roskilde"]
[Date "1978.??.??"]
[Round "2"]
[White "Danielsen, Verner"]
[Black "Ghitescu, Theodor"]
[Result "1/2-1/2"]
[WhiteElo "2200"]
[BlackElo "2450"]
[PlyCount "43"]
[EventDate "1978.??.??"]
[EventType "tourn"]
[EventRounds "11"]
[EventCountry "DEN"]

1. d4 Nf6 2. c4 c5 3. d5 d6 4. Nc3 g6 5. e4 Bg7 6. Nf3 O-O 7. Bg5 h6 8. Bh4 Qa5
9. Nd2 a6 10. a4 e5 11. Be2 Nbd7 12. O-O Re8 13. Bg3 g5 14. Qc2 Nf8 15. Nd1 Ng6
16. Ne3 Nf4 17. Rfe1 Bd7 18. Bf1 Kh8 19. f3 Rg8 20. Nf5 Bf8 21. Kh1 Qc7 22. Ra3
1/2-1/2

[Event "Roskilde International"]
[Site "Roskilde"]
[Date "1978.??.??"]
[Round "2"]
[White "Kristiansen, Jens"]
[Black "Fedder, Steen"]
[Result "1/2-1/2"]
[WhiteElo "2395"]
[BlackElo "2400"]
[PlyCount "118"]
[EventDate "1978.??.??"]
[EventType "tourn"]
[EventRounds "11"]
[EventCountry "DEN"]

1. e4 c5 2. Nf3 d6 3. d4 cxd4 4. Nxd4 Nf6 5. Nc3 a6 6. Be2 e6 7. O-O Nbd7 8. a4
Nc5 9. f3 Qc7 10. a5 Be7 11. Be3 O-O 12. Qe1 e5 13. Nb3 Nxb3 14. cxb3 Be6 15.
Rc1 Qxa5 16. Nd5 Bd8 17. Nxf6+ gxf6 18. b4 Qa2 19. Bh6 Kh8 20. Bxf8 Bb6+ 21.
Kh1 Rxf8 22. Qd2 Bd4 23. f4 f5 24. exf5 Bd5 25. fxe5 Bxe5 26. Bf3 Bxf3 27. Rxf3
Qxb2 28. Qxb2 Bxb2 29. Rc7 b5 30. Rd3 Be5 31. Ra3 Kg7 32. Rxa6 Kh6 33. Raa7 f6
34. Rg7 Kh5 35. h3 d5 36. g4+ Kh4 37. Kg2 Rc8 38. Rxh7+ Kg5 39. Ra2 Kf4 40. Rb7
d4 41. Rxb5 d3 42. Rc5 Rb8 43. b5 Ke4 44. Ra4+ Ke3 45. Ra3 Bd4 46. Rd5 Ke4 47.
Rd7 d2 48. Re7+ Be5 49. Ra4+ Ke3 50. Rd7 Rxb5 51. Ra3+ Ke2 52. Rad3 Bf4 53. h4
Be3 54. R3d6 Rb1 55. g5 fxg5 56. f6 gxh4 57. f7 Rg1+ 58. Kh3 Rf1 59. Kxh4 Rxf7
1/2-1/2

[Event "Roskilde International"]
[Site "Roskilde"]
[Date "1978.??.??"]
[Round "2"]
[White "Rosenlund, Thorbjorn"]
[Black "Filipowicz, Andrzej"]
[Result "1/2-1/2"]
[WhiteElo "2340"]
[BlackElo "2360"]
[PlyCount "56"]
[EventDate "1978.??.??"]
[EventType "tourn"]
[EventRounds "11"]
[EventCountry "DEN"]

1. Nf3 f5 2. g3 Nf6 3. Bg2 d6 4. d4 e6 5. O-O Be7 6. c4 O-O 7. Nc3 Qe8 8. Re1
Qg6 9. e4 fxe4 10. Nxe4 Nxe4 11. Rxe4 Nc6 12. Re1 Bf6 13. Be3 e5 14. dxe5 dxe5
15. Nd2 Bf5 16. Qb3 Nd4 17. Qxb7 Rab8 18. Qxa7 Nc2 19. b3 e4 20. Rac1 Nxe1 21.
Rxe1 Ra8 22. Qxc7 Rxa2 23. Nf1 Rb2 24. Qb7 Qf7 25. Bxe4 Bxe4 26. Qxe4 Rxb3 27.
c5 Rb2 28. h4 Bc3 1/2-1/2

[Event "Roskilde International"]
[Site "Roskilde"]
[Date "1978.??.??"]
[Round "2"]
[White "Webb, Simon"]
[Black "Helmers, Knut J"]
[Result "1/2-1/2"]
[WhiteElo "2445"]
[BlackElo "2345"]
[PlyCount "29"]
[EventDate "1978.??.??"]
[EventType "tourn"]
[EventRounds "11"]
[EventCountry "DEN"]

1. Nf3 Nf6 2. g3 b6 3. Bg2 Bb7 4. O-O e6 5. c4 Be7 6. b3 O-O 7. Bb2 c5 8. e3 d5
9. Qe2 Nc6 10. Rd1 dxc4 11. bxc4 Rc8 12. Nc3 Na5 13. d3 a6 14. Rab1 Nd7 15. Ba1
1/2-1/2

[Event "Roskilde International"]
[Site "Roskilde"]
[Date "1978.??.??"]
[Round "3"]
[White "Filipowicz, Andrzej"]
[Black "Webb, Simon"]
[Result "1/2-1/2"]
[WhiteElo "2360"]
[BlackElo "2445"]
[PlyCount "71"]
[EventDate "1978.??.??"]
[EventType "tourn"]
[EventRounds "11"]
[EventCountry "DEN"]

1. e4 e6 2. d4 d5 3. Nc3 Bb4 4. Nge2 dxe4 5. a3 Be7 6. Nxe4 Nf6 7. N2g3 O-O 8.
c3 Nc6 9. f4 Nxe4 10. Nxe4 Qd5 11. Qf3 Bd7 12. Bd3 Na5 13. Nd2 Qxf3 14. Nxf3 c5
15. Be3 Bc6 16. Rd1 Nb3 17. Bc2 Bxf3 18. gxf3 cxd4 19. Bf2 Na5 20. Bxd4 Rfd8
21. Bd3 Nc6 22. Be3 Bf6 23. Be4 Rxd1+ 24. Kxd1 Na5 25. Kc2 Nc4 26. Bc1 Nd6 27.
Rd1 Rd8 28. Be3 b6 29. a4 Kf8 30. Bd3 Nc8 31. Ba6 Rxd1 32. Kxd1 Ne7 33. Bb7 Nf5
34. Bg1 Bd8 35. a5 Bc7 36. Be4 1/2-1/2

[Event "Roskilde International"]
[Site "Roskilde"]
[Date "1978.??.??"]
[Round "3"]
[White "Ghitescu, Theodor"]
[Black "Westerinen, Heikki"]
[Result "1/2-1/2"]
[WhiteElo "2450"]
[BlackElo "2450"]
[PlyCount "81"]
[EventDate "1978.??.??"]
[EventType "tourn"]
[EventRounds "11"]
[EventCountry "DEN"]

1. d4 Nf6 2. c4 g6 3. Nc3 Bg7 4. e4 d6 5. f3 O-O 6. Be3 Nc6 7. Nge2 Rb8 8. Qd2
a6 9. h4 h5 10. Nd5 Nh7 11. Bh6 Bxh6 12. Qxh6 e6 13. Ne3 Qf6 14. O-O-O b5 15.
f4 bxc4 16. e5 Qg7 17. Qxg7+ Kxg7 18. Nxc4 Nb4 19. Nc3 Bb7 20. a3 Nd5 21. Nxd5
Bxd5 22. Ne3 Be4 23. Bd3 f5 24. Rhe1 d5 25. Re2 Rb3 26. Bc2 Rb6 27. Rdd2 Rc8
28. Bxe4 fxe4 29. Rc2 Nf8 30. Rc3 Nd7 31. b4 Kf7 32. Nc2 a5 33. g4 axb4 34.
axb4 hxg4 35. Rg2 c6 36. Rxg4 Rh8 37. Rcg3 Nf8 38. Ra3 Rb7 39. Ra8 Rc7 40. Kd2
Rh6 41. Kc3 1/2-1/2

[Event "Roskilde International"]
[Site "Roskilde"]
[Date "1978.??.??"]
[Round "3"]
[White "Jakobsen, Ole"]
[Black "Rosenlund, Thorbjorn"]
[Result "1/2-1/2"]
[WhiteElo "2400"]
[BlackElo "2340"]
[PlyCount "38"]
[EventDate "1978.??.??"]
[EventType "tourn"]
[EventRounds "11"]
[EventCountry "DEN"]

1. e4 c5 2. Nf3 Nc6 3. d4 cxd4 4. Nxd4 Nf6 5. Nc3 e6 6. Nxc6 bxc6 7. e5 Nd5 8.
Ne4 Qc7 9. f4 c5 10. c4 Nb4 11. g3 Bb7 12. Bg2 Rd8 13. O-O d5 14. exd6 Bxd6 15.
Qe2 O-O 16. Be3 Be7 17. a3 Nc6 18. Qf2 Nd4 19. Rad1 Ba6 1/2-1/2

[Event "Roskilde International"]
[Site "Roskilde"]
[Date "1978.??.??"]
[Round "3"]
[White "Schneider, Lars Ake"]
[Black "Danielsen, Verner"]
[Result "1-0"]
[WhiteElo "2430"]
[BlackElo "2200"]
[PlyCount "67"]
[EventDate "1978.??.??"]
[EventType "tourn"]
[EventRounds "11"]
[EventCountry "DEN"]

1. b3 Nf6 2. Bb2 e6 3. Nf3 b6 4. g3 Bb7 5. Bg2 Be7 6. c4 O-O 7. O-O c5 8. d4 d6
9. Nc3 Ne4 10. Qd3 d5 11. cxd5 exd5 12. Rad1 Nxc3 13. Bxc3 Na6 14. Ne5 Nc7 15.
dxc5 bxc5 16. Qf5 Qc8 17. Qxc8 Raxc8 18. Ba5 Ba6 19. Rfe1 Bf6 20. Nd7 Rfe8 21.
Nxf6+ gxf6 22. e3 d4 23. Bc6 Red8 24. exd4 Rxd4 25. Bc3 Rxd1 26. Rxd1 Ne8 27.
Bd7 Rd8 28. Ba5 Rb8 29. Rc1 Bb5 30. Bg4 h5 31. Bxh5 Rc8 32. Bg4 Rc6 33. Bd7 Ra6
34. Bxb5 1-0

[Event "Roskilde International"]
[Site "Roskilde"]
[Date "1978.??.??"]
[Round "4"]
[White "Danielsen, Verner"]
[Black "Fedder, Steen"]
[Result "1/2-1/2"]
[WhiteElo "2200"]
[BlackElo "2400"]
[PlyCount "74"]
[EventDate "1978.??.??"]
[EventType "tourn"]
[EventRounds "11"]
[EventCountry "DEN"]

1. d4 Nf6 2. c4 g6 3. Nc3 d5 4. Nf3 Bg7 5. Qb3 dxc4 6. Qxc4 O-O 7. e4 Na6 8.
Bf4 c5 9. Rd1 cxd4 10. Rxd4 Qb6 11. e5 Be6 12. Qb5 Nd7 13. Nd5 Bxd5 14. Rxd5
Ndc5 15. Qxb6 axb6 16. Bxa6 bxa6 17. O-O Na4 18. Rd2 Rfc8 19. Bg5 Rc7 20. Rfd1
h6 21. Be3 b5 22. a3 Rac8 23. g3 g5 24. h3 e6 25. b4 Nc3 26. Rd8+ Rxd8 27.
Rxd8+ Kh7 28. Rd6 Nd5 29. Rxa6 Nxe3 30. fxe3 Kg6 31. g4 h5 32. gxh5+ Kxh5 33.
Kg2 g4 34. hxg4+ Kxg4 35. Nh2+ Kf5 36. Kf3 Bxe5 37. Ng4 Bb2 1/2-1/2

[Event "Roskilde International"]
[Site "Roskilde"]
[Date "1978.??.??"]
[Round "4"]
[White "Jakobsen, Ole"]
[Black "Ghitescu, Theodor"]
[Result "1-0"]
[WhiteElo "2400"]
[BlackElo "2450"]
[PlyCount "67"]
[EventDate "1978.??.??"]
[EventType "tourn"]
[EventRounds "11"]
[EventCountry "DEN"]

1. e4 c5 2. Nf3 d6 3. d4 cxd4 4. Nxd4 Nf6 5. Nc3 a6 6. Be3 e5 7. Nf3 Be7 8. Bc4
O-O 9. h3 Be6 10. Bb3 b5 11. Qd3 Nc6 12. Bg5 h6 13. Bxf6 Bxf6 14. O-O Rc8 15.
Rfd1 Be7 16. Nd5 Bxd5 17. Qxd5 Qb6 18. c3 Na5 19. Qd3 Nc4 20. Rab1 g6 21. Qe2
Kg7 22. Bxc4 Rxc4 23. Nd2 Rc6 24. Nf1 f5 25. exf5 Rxf5 26. Ne3 Rf7 27. Rd3 Qa7
28. Rbd1 Rc8 29. Qg4 Rcf8 30. Rxd6 Bxd6 31. Rxd6 g5 32. Qe4 Rf6 33. Qxe5 Qc7
34. Qd4 1-0

[Event "Roskilde International"]
[Site "Roskilde"]
[Date "1978.??.??"]
[Round "4"]
[White "Rajna, Gyula"]
[Black "Helmers, Knut J"]
[Result "1-0"]
[WhiteElo "2410"]
[BlackElo "2345"]
[PlyCount "115"]
[EventDate "1978.??.??"]
[EventType "tourn"]
[EventRounds "11"]
[EventCountry "DEN"]

1. e4 e6 2. d4 d5 3. Nc3 Bb4 4. Nge2 dxe4 5. a3 Be7 6. Nxe4 Nf6 7. N2g3 Nc6 8.
c3 O-O 9. Bc4 b6 10. O-O Bb7 11. Nxf6+ Bxf6 12. Nh5 e5 13. d5 Na5 14. Ba2 Ba6
15. Re1 Nb7 16. Qf3 Nd6 17. Bh6 Re8 18. Bxg7 Bxg7 19. Qg4 Nf5 20. Bb1 h6 21.
Qxf5 Qg5 22. Nxg7 Qxg7 23. Re3 Bc8 24. Qd3 e4 25. Qb5 Bf5 26. d6 Qe5 27. Qxe5
Rxe5 28. dxc7 Rc8 29. f3 Rxc7 30. Bxe4 Bxe4 31. Rxe4 Rxe4 32. fxe4 Rd7 33. Rc1
Rd2 34. b4 Ra2 35. c4 Rxa3 36. c5 bxc5 37. bxc5 Rb3 38. Kf2 Kf8 39. c6 Rb8 40.
Ke3 Ke7 41. Ra1 Ra8 42. Ra6 Kd6 43. g4 f6 44. Kf4 h5 45. gxh5 Rh8 46. Kg4 Rh6
47. Rxa7 Kxc6 48. Rg7 Kd6 49. Rg6 Rh8 50. h6 Ke5 51. h4 Kxe4 52. Rxf6 Ke5 53.
Kg5 Rh7 54. Rg6 Rf7 55. Kh5 Kf5 56. Rg1 Ra7 57. Rg7 Ra8 58. h7 1-0

[Event "Roskilde International"]
[Site "Roskilde"]
[Date "1978.??.??"]
[Round "5"]
[White "Helmers, Knut J"]
[Black "Danielsen, Verner"]
[Result "1/2-1/2"]
[WhiteElo "2345"]
[BlackElo "2200"]
[PlyCount "112"]
[EventDate "1978.??.??"]
[EventType "tourn"]
[EventRounds "11"]
[EventCountry "DEN"]

1. Nf3 Nf6 2. c4 g6 3. Nc3 d5 4. cxd5 Nxd5 5. g3 Bg7 6. Bg2 c6 7. O-O O-O 8. d4
Nd7 9. e4 Nxc3 10. bxc3 Qc7 11. Qb3 e5 12. Ba3 Re8 13. Ng5 Nf6 14. dxe5 Rxe5
15. Bd6 Qxd6 16. Nxf7 Be6 17. Nxd6 Bxb3 18. axb3 Re6 19. Nxb7 Nxe4 20. Rae1
Rae8 21. Rxe4 Rxe4 22. Nd6 R4e6 23. Nxe8 Rxe8 24. Bxc6 Rc8 25. Bd5+ Kf8 26. c4
Bc3 27. Rc1 Bb4 28. Rd1 Ke7 29. Rd4 a5 30. Rh4 Rh8 31. Kg2 Kd6 32. Re4 Kc5 33.
Re3 Ba3 34. Kf1 Bb2 35. Ke2 Bd4 36. Re4 Rf8 37. f4 Rb8 38. Re7 Bg1 39. Rxh7
Rxb3 40. Ra7 Ra3 41. g4 Ra2+ 42. Kd3 Ra3+ 43. Ke2 Ra2+ 44. Kd3 Ra3+ 45. Kc2 a4
46. f5 gxf5 47. gxf5 Kd4 48. f6 Ra2+ 49. Kb1 Rf2 50. Rxa4 Rxf6 51. h4 Bf2 52.
h5 Rf5 53. Ra2 Bh4 54. h6 Rh5 55. Ra6 Bg5 56. Rd6 Rxh6 1/2-1/2

[Event "Roskilde International"]
[Site "Roskilde"]
[Date "1978.??.??"]
[Round "5"]
[White "Webb, Simon"]
[Black "Kristiansen, Jens"]
[Result "1/2-1/2"]
[WhiteElo "2445"]
[BlackElo "2395"]
[PlyCount "48"]
[EventDate "1978.??.??"]
[EventType "tourn"]
[EventRounds "11"]
[EventCountry "DEN"]

1. Nf3 Nf6 2. g3 g6 3. b3 Bg7 4. Bb2 O-O 5. Bg2 c5 6. c4 Nc6 7. O-O d6 8. Nc3
Bg4 9. h3 Bd7 10. Rc1 Qa5 11. d3 a6 12. a4 Rab8 13. e3 Rfd8 14. d4 Nb4 15. Qe2
cxd4 16. Nxd4 Nc6 17. Nf3 Be6 18. Rfd1 h6 19. Nd2 Nd7 20. Ba1 Nb4 21. Nd5 Bxa1
22. Rxa1 Bxd5 23. cxd5 b5 24. Qg4 Nc5 1/2-1/2

[Event "Roskilde International"]
[Site "Roskilde"]
[Date "1978.??.??"]
[Round "6"]
[White "Danielsen, Verner"]
[Black "Filipowicz, Andrzej"]
[Result "0-1"]
[WhiteElo "2200"]
[BlackElo "2360"]
[PlyCount "82"]
[EventDate "1978.??.??"]
[EventType "tourn"]
[EventRounds "11"]
[EventCountry "DEN"]

1. d4 Nf6 2. c4 c5 3. d5 e6 4. Nc3 exd5 5. cxd5 d6 6. e4 g6 7. Nf3 Bg7 8. Be2
O-O 9. O-O Re8 10. Nd2 Na6 11. f3 Nc7 12. a4 b6 13. Nc4 Ba6 14. Bd2 Qd7 15. Ne3
Bxe2 16. Qxe2 a6 17. Rab1 b5 18. b3 Nh5 19. g3 f5 20. exf5 Rxe3 21. Bxe3 Bxc3
22. Qd3 b4 23. fxg6 Re8 24. Bf2 Nf6 25. gxh7+ Qxh7 26. Qc4 Nd7 27. Qf4 Ne5 28.
Kg2 Qg6 29. Bg1 Nxd5 30. Qe4 Qxe4 31. fxe4 Nc7 32. Rbd1 Nf7 33. Rf4 Ne6 34. Rf5
Bd4 35. h4 Bxg1 36. Rxg1 Nd4 37. Rf6 Rxe4 38. Rgf1 Re7 39. g4 Nxb3 40. g5 Nd2
41. R1f4 b3 0-1

[Event "Roskilde International"]
[Site "Roskilde"]
[Date "1978.??.??"]
[Round "6"]
[White "Ghitescu, Theodor"]
[Black "Schneider, Lars Ake"]
[Result "0-1"]
[WhiteElo "2450"]
[BlackElo "2430"]
[PlyCount "44"]
[EventDate "1978.??.??"]
[EventType "tourn"]
[EventRounds "11"]
[EventCountry "DEN"]

1. d4 Nf6 2. c4 e6 3. Nc3 Bb4 4. e3 c5 5. Nge2 d5 6. a3 Ba5 7. dxc5 dxc4 8.
Qxd8+ Kxd8 9. Bd2 e5 10. Ng3 Be6 11. Nce4 Bxd2+ 12. Kxd2 Nxe4+ 13. Nxe4 Ke7 14.
Rc1 Rd8+ 15. Kc3 Bd5 16. Nd6 Na6 17. e4 Nxc5 18. Nf5+ Kf6 19. exd5 Ne4+ 20. Kb4
a5+ 21. Ka4 b5+ 22. Kxb5 Rab8+ 0-1

[Event "Roskilde International"]
[Site "Roskilde"]
[Date "1978.??.??"]
[Round "6"]
[White "Jakobsen, Ole"]
[Black "Fedder, Steen"]
[Result "1/2-1/2"]
[WhiteElo "2400"]
[BlackElo "2400"]
[PlyCount "43"]
[EventDate "1978.??.??"]
[EventType "tourn"]
[EventRounds "11"]
[EventCountry "DEN"]

1. e4 c5 2. Nf3 d6 3. d4 cxd4 4. Nxd4 Nf6 5. Nc3 a6 6. Be3 e6 7. a4 Be7 8. Be2
O-O 9. O-O Nc6 10. f4 Bd7 11. Nb3 b6 12. Bf3 Rb8 13. Qe2 Qc8 14. Kh1 Na5 15. e5
Ne8 16. Nd4 Nc4 17. Bc1 dxe5 18. fxe5 Qc7 19. Re1 Bb4 20. Bd2 Nxd2 21. Qxd2
Bxc3 22. bxc3 1/2-1/2

[Event "Roskilde International"]
[Site "Roskilde"]
[Date "1978.??.??"]
[Round "6"]
[White "Rajna, Gyula"]
[Black "Webb, Simon"]
[Result "0-1"]
[WhiteElo "2410"]
[BlackElo "2445"]
[PlyCount "80"]
[EventDate "1978.??.??"]
[EventType "tourn"]
[EventRounds "11"]
[EventCountry "DEN"]

1. d4 d5 2. Nf3 Nf6 3. c4 e6 4. Nc3 Be7 5. Bg5 O-O 6. e3 h6 7. Bh4 b6 8. cxd5
Nxd5 9. Bxe7 Qxe7 10. Nxd5 exd5 11. Qa4 a5 12. a3 c5 13. Bb5 Na6 14. O-O Nc7
15. Rfc1 c4 16. Ne5 Qd6 17. b3 Nxb5 18. Qxb5 f6 19. Ng6 Bd7 20. Qxd5+ Qxd5 21.
Ne7+ Kf7 22. Nxd5 cxb3 23. Rab1 Rac8 24. Re1 Be6 25. Nxb6 Rc6 26. Na4 Rc2 27.
Rec1 Rfc8 28. Nc5 R8xc5 29. dxc5 Rxc1+ 30. Rxc1 Bf5 31. f3 b2 32. Re1 b1=Q 33.
Rxb1 Bxb1 34. Kf2 f5 35. Kg3 Ke6 36. h4 Kd5 37. Kf4 Kxc5 38. Ke5 Kb5 39. Kd6
Ka4 40. h5 Kxa3 0-1

[Event "Roskilde International"]
[Site "Roskilde"]
[Date "1978.??.??"]
[Round "6"]
[White "Rosenlund, Thorbjorn"]
[Black "Kristiansen, Jens"]
[Result "1/2-1/2"]
[WhiteElo "2340"]
[BlackElo "2395"]
[PlyCount "40"]
[EventDate "1978.??.??"]
[EventType "tourn"]
[EventRounds "11"]
[EventCountry "DEN"]

1. d4 Nf6 2. Nf3 g6 3. Bf4 Bg7 4. e3 O-O 5. Be2 d6 6. h3 c5 7. c3 b6 8. O-O Bb7
9. a4 a6 10. Nbd2 Nbd7 11. Qb3 Qc7 12. Bh2 Rac8 13. Rfd1 Rfd8 14. Bc4 e6 15.
Bxe6 fxe6 16. Qxe6+ Kh8 17. Ng5 Nf8 18. Nf7+ Kg8 19. Nh6+ Kh8 20. Nf7+ Kg8
1/2-1/2

[Event "Roskilde International"]
[Site "Roskilde"]
[Date "1978.??.??"]
[Round "6"]
[White "Westerinen, Heikki"]
[Black "Helmers, Knut J"]
[Result "1/2-1/2"]
[WhiteElo "2450"]
[BlackElo "2345"]
[PlyCount "49"]
[EventDate "1978.??.??"]
[EventType "tourn"]
[EventRounds "11"]
[EventCountry "DEN"]

1. e4 c5 2. Nf3 d6 3. d4 cxd4 4. Nxd4 Nf6 5. Nc3 Nc6 6. Bg5 e6 7. Qd2 a6 8.
O-O-O Bd7 9. f4 b5 10. Nxc6 Bxc6 11. Qe3 Be7 12. Bxf6 Bxf6 13. Nd5 Bxd5 14.
exd5 e5 15. Qe4 O-O 16. Bd3 g6 17. f5 Qb6 18. h4 Qd4 19. Qxd4 exd4 20. g4 g5
21. hxg5 Bxg5+ 22. Kb1 h6 23. Rhe1 Rfc8 24. Re4 Bf6 25. Rde1 1/2-1/2

[Event "Roskilde International"]
[Site "Roskilde"]
[Date "1978.??.??"]
[Round "7"]
[White "Helmers, Knut J"]
[Black "Jakobsen, Ole"]
[Result "1-0"]
[WhiteElo "2345"]
[BlackElo "2400"]
[PlyCount "79"]
[EventDate "1978.??.??"]
[EventType "tourn"]
[EventRounds "11"]
[EventCountry "DEN"]

1. e4 c5 2. Nf3 e6 3. d4 cxd4 4. Nxd4 Nf6 5. Nc3 d6 6. Be2 Nc6 7. Be3 Be7 8.
O-O O-O 9. f4 a6 10. Qe1 Nxd4 11. Bxd4 b5 12. Rd1 Bb7 13. Bf3 Qc7 14. e5 Ne8
15. Bxb7 Qxb7 16. Ne4 d5 17. Ng5 Rc8 18. c3 b4 19. cxb4 h6 20. Nf3 Bxb4 21. Qe2
Nc7 22. Rc1 Nb5 23. Be3 Rfd8 24. Rxc8 Rxc8 25. a4 Na7 26. f5 exf5 27. Nd4 g6
28. g4 Re8 29. gxf5 Rxe5 30. fxg6 fxg6 31. Qg4 Kh7 32. Qh3 h5 33. Nf3 Re7 34.
Ng5+ Kg8 35. Rf6 Kg7 36. Ne6+ Kxf6 37. Bd4+ Kf7 38. Nd8+ Ke8 39. Nxb7 Rxb7 40.
Qe6+ 1-0

[Event "Roskilde International"]
[Site "Roskilde"]
[Date "1978.??.??"]
[Round "7"]
[White "Schneider, Lars Ake"]
[Black "Rosenlund, Thorbjorn"]
[Result "1-0"]
[WhiteElo "2430"]
[BlackElo "2340"]
[PlyCount "65"]
[EventDate "1978.??.??"]
[EventType "tourn"]
[EventRounds "11"]
[EventCountry "DEN"]

1. e4 c5 2. Nf3 e6 3. d4 cxd4 4. Nxd4 Nf6 5. Nc3 Nc6 6. Nxc6 bxc6 7. e5 Nd5 8.
Ne4 Qc7 9. f4 c5 10. c4 Nb4 11. a3 Nc6 12. Bd3 Nd4 13. O-O Bb7 14. Be3 Nf5 15.
Bf2 Rd8 16. Qc2 d6 17. b4 dxe5 18. Nxc5 Bxc5 19. Bxc5 Nd4 20. Qa4+ Rd7 21. fxe5
Bc6 22. Qa6 Qxe5 23. Rae1 Qg5 24. Be4 Bxe4 25. Rxe4 Nb3 26. Be3 Qg6 27. Qc8+
Ke7 28. Rxf7+ Qxf7 29. Bg5+ Kd6 30. Rd4+ Ke5 31. Qxd7 Qg6 32. Qd6+ Kf5 33. Qf4#
1-0

[Event "Roskilde International"]
[Site "Roskilde"]
[Date "1978.??.??"]
[Round "7"]
[White "Webb, Simon"]
[Black "Danielsen, Verner"]
[Result "1-0"]
[WhiteElo "2445"]
[BlackElo "2200"]
[PlyCount "69"]
[EventDate "1978.??.??"]
[EventType "tourn"]
[EventRounds "11"]
[EventCountry "DEN"]

1. d4 Nf6 2. c4 g6 3. g3 Bg7 4. Bg2 O-O 5. Nf3 c6 6. O-O d5 7. cxd5 cxd5 8. Ne5
Nc6 9. Nxc6 bxc6 10. Nc3 Bf5 11. Na4 Nd7 12. Bf4 e5 13. dxe5 Nxe5 14. Rc1 Rc8
15. b3 Re8 16. Qd2 Qe7 17. Rfe1 Red8 18. Nc5 Qc7 19. Bh6 f6 20. Bxg7 Kxg7 21.
Qd4 Rd6 22. Red1 Nf7 23. Rc3 Qb6 24. Re3 Rc7 25. b4 Nd8 26. Qf4 Nf7 27. h4 Ne5
28. g4 Bxg4 29. Rxe5 fxe5 30. Qxg4 Re7 31. Qg5 Rf6 32. Bh3 Qc7 33. Rd3 Qd6 34.
Ne4 h6 35. Qxf6+ 1-0